|
|
|
|
| LEADER |
00000nam a2200000 4500 |
| 001 |
673459 |
| 005 |
20240704141534.0 |
| 090 |
|
|
|a 673459
|
| 100 |
|
|
|a 20240701d1979 m||y0rusy50 ca
|
| 101 |
0 |
|
|a rus
|
| 102 |
|
|
|a RU
|
| 105 |
|
|
|a a j 001yy
|
| 181 |
|
0 |
|a i
|b e
|
| 182 |
|
0 |
|a n
|
| 183 |
|
0 |
|a nc
|2 RDAcarrier
|
| 200 |
1 |
|
|a Надежность станков и автоматических линий
|e учебное пособие
|f Н. И. Пасько
|g Тульский политехнический институт
|
| 203 |
|
|
|a Текст
|b визуальный
|c непосредственный
|
| 210 |
|
|
|a Тула
|c Изд-во Тульского политехнического института
|d 1979
|
| 215 |
|
|
|a 105 с.
|c ил
|
| 283 |
|
|
|a volume
|2 RDAcarrier
|
| 320 |
|
|
|a Прикнижный библиографический список: с. 101-103
|
| 606 |
|
|
|a Металлорежущие станки
|x Надежность
|x Долговечность
|9 62260
|
| 610 |
1 |
|
|a понятия
|
| 610 |
1 |
|
|a определения
|
| 610 |
1 |
|
|a случайные процессы
|
| 610 |
1 |
|
|a случайные величины
|
| 610 |
1 |
|
|a распределение
|
| 610 |
1 |
|
|a отказы
|
| 610 |
1 |
|
|a возникновение
|
| 610 |
1 |
|
|a профилактически обслуживаемые системы
|
| 610 |
1 |
|
|a отдельно работающие станки
|
| 610 |
1 |
|
|a автоматические линии с жесткой связью
|
| 610 |
1 |
|
|a параллельно работающие станки
|
| 610 |
1 |
|
|a свободные поточные линии
|
| 610 |
1 |
|
|a автоматические линии с гибкой связью
|
| 610 |
1 |
|
|a учебные пособия
|
| 675 |
|
|
|a 621.9.06-192(075.8)
|v 4
|
| 700 |
|
|
|a Пасько
|b Н. И.
|g Николай Иванович
|
| 712 |
0 |
2 |
|a Тульский политехнический институт
|c (1963-1992)
|9 23322
|
| 801 |
|
0 |
|a RU
|b 63413507
|c 20240701
|
| 830 |
|
|
|a Ретро2024Каталогизация Шило
|
| 850 |
|
|
|a 63413507
|
| 942 |
|
|
|c BK
|